ভূগোল দ্বিতীয় পত্র- একাদশ-দ্বাদশ শ্রেণি / (Record no. 8005)
[ view plain ]
| 000 -LEADER | |
|---|---|
| fixed length control field | 00669nam a22002057a 4500 |
| 001 - CONTROL NUMBER | |
| JCCL Control Number | 8005 |
| 003 - CONTROL NUMBER IDENTIFIER | |
| JCCL marc code | BD-JhCC |
| 005 - DATE AND TIME OF LATEST TRANSACTION | |
| control field | 20180717105222.0 |
| 008 - FIXED-LENGTH DATA ELEMENTS--GENERAL INFORMATION | |
| fixed length control field | 180217b2014 bg ||||| |||| 00| 0 ben d |
| 035 ## - SYSTEM CONTROL NUMBER | |
| system control number | (BD-JhCC)8005 |
| 040 ## - CATALOGING SOURCE | |
| Original cataloging agency | BD-JhCC |
| Modifying agency | BD-JhCC |
| 041 ## - LANGUAGE CODE | |
| Language code of Book | ben |
| 082 ## - DEWEY DECIMAL CLASSIFICATION NUMBER | |
| Classification number | 910 |
| Author mark and Year | CHU 2014 |
| 100 ## - MAIN ENTRY--PERSONAL NAME | |
| Personal name | চৌধুরী, মোয়াজ্জেম হোসেন |
| 245 ## - TITLE STATEMENT | |
| Title | ভূগোল দ্বিতীয় পত্র- একাদশ-দ্বাদশ শ্রেণি / |
| Statement of responsibility, etc | মোয়াজ্জেম হোসেন চৌধুরী |
| 300 ## - PHYSICAL DESCRIPTION | |
| Pagination | 272 p. : |
| Dimensions | 23 cm. |
| 650 ## - SUBJECT ADDED ENTRY--TOPICAL TERM | |
| Topical term or geographic name as entry element | Geography |
| 942 ## - ADDED ENTRY ELEMENTS (KOHA) | |
| Source of classification or shelving scheme | Dewey Decimal Classification |
| Koha item type | Books |
| Source of classification or shelving scheme | Damaged status | Not for loan | Home library | Current library | Shelving location | Date of accession | Cost, normal purchase price | Total Checkouts | Full call number | Barcode | Date last seen | Copy number | Koha item type |
|---|---|---|---|---|---|---|---|---|---|---|---|---|---|
| Dewey Decimal Classification | JCC Rouf Library | JCC Rouf Library | General Stacks | 02/17/2018 | 93.00 | 910 CHU 2014 | 10422 | 02/17/2018 | C-1 | Books |